00410nam a2200133 i 4500001000300000245012800003260004100131300001800172700001800190040000800208041000800216080001100224008004100235bg 0aFiziceskoe metallovedenie.nV.1pAtomnoe stroenie matallov i splavov /cPerev. s angl. N. T. Cebotareva ; pod red. R. Kana. aMoskva :bIzdatel'stvo "Mir",c1967. as. 333 :bil.1 aKAN, R.eRed. cBPK apol a669.01 s pl f |000 0 pol